The autobiography of Cecil B. DeMille /

Saved in:
Bibliographic Details
Main Author: DeMille, Cecil B., (Cecil Blount), 1881-1959
Other Authors: Hayne, Donald
Format: Book
Language:English
Published: London : W.H.Allen, 1960.
Subjects:
LEADER 00892nam a2200229 a 4500
001 c000373379
003 CARM
005 00000000000000.0
008 801125s1960 enka 00000aeng d
019 1 |a 2583951  |z 9235780  |z 9500477  |5 LACONCORD2021 
035 |a (OCoLC)23739875  |5 LACONCORD2021 
040 |d NNCU 
082 1 |a 791.43/0233/0924  |2 19 
100 1 |a DeMille, Cecil B.,  |q (Cecil Blount),  |d 1881-1959. 
245 1 4 |a The autobiography of Cecil B. DeMille /  |c edited by Donald Hayne. 
260 |a London :  |b W.H.Allen,  |c 1960. 
300 |a 432 p. :  |b ill. ;  |c 24 cm. 
600 1 0 |a De Mille, Cecil B.  |q (Cecil Blount),  |d 1881-1959. 
700 1 |a Hayne, Donald. 
852 8 |b CARM  |h A1:AN09G0  |i B08535  |p 0410360  |f BK 
999 f f |i 3615f0d4-4f39-596f-91a0-24224ea0245a  |s 172f9e00-fad4-51b1-88a3-1a7e018cd92e 
952 f f |p Can circulate  |a CAVAL  |b CAVAL  |c CAVAL  |d CARM 1 Store  |e B08535  |f A1:AN09G0  |h Other scheme  |i book  |m 0410360